000 00233nam a2200109Ia 4500
100 _a#N/A
942 _cBK
654 _aencyclopedia britannica
245 _aConcise Encyclopedia from Britannica
260 _b#N/A
546 _aENGLISH
999 _c26690
_d26690